França - Statistics

Estatísticas Gerais
  • Esse quiz foi jogado 128 vezes
  • A pontuação média é 10 de 15
Estatísticas das Respostas
Hint Resposta % Correto
Qual é a sua capital? Paris
100%
Qual é a sua moeda? Euro
99%
Qual é o seu idioma? Francês
99%
Qual é a torre mais famosa? Torre Eiffel
97%
Onde fica? Europa
93%
Qual é o museu onde está o quadro da monalisa? Louvre
88%
Qual é o rio mais conhecido? Sena
77%
Qual é o arco mais famoso? Arco do triunfo
72%
Quem é o presidente? Emmanuelle Macron
71%
Qual é o lema do país? Liberdade, igualdade e fraternidade
53%
Qual é o famoso festival de cinema que se realiza no país? Festival de Cannes
44%
Qual é o parque temático mais conhecido? Disneyland
36%
Qual é a revista que em 2015 sofreu um ataque terrorista? Charlie Hebdo
24%
Qual é o vinho branco mais famoso? Champanhe
15%
Como se chama o museu que fica na margem esquerda do rio Sena? Museu de Orsay
7%
Nenhum quiz correspondente encontrado
Distribuição das Pontuações
Porcentagem de Pessoas com Cada Pontuação
Percentil de Números Respondidos
Sua Pontuação Histórica
Você não jogou esse quiz